BIBLIOTECA

SENCICO

Densidad relativa del suelo (DR %) : (Registro nro. 4303)

Detalles MARC
000 -LEADER
fixed length control field 01148nam a22002657a 4500
003 - CONTROL NUMBER IDENTIFIER
control field PE SENCICO BE
005 - DATE AND TIME OF LATEST TRANSACTION
control field 20251020182642.0
008 - FIXED-LENGTH DATA ELEMENTS--GENERAL INFORMATION
fixed length control field 230914b |||||||| |||| 00| 0 eng d
040 ## - CATALOGING SOURCE
Original cataloging agency PE SENCICO BE
Transcribing agency PE SENCICO BE
041 ## - LANGUAGE CODE
Language code of text/sound track or separate title spa
084 ## - OTHER CLASSIFICATION NUMBER
Classification number I
-- LAB
-- 2017
Item number C15
100 1# - MAIN ENTRY--PERSONAL NAME
9 (RLIN) 1567
Personal name Cadenillas Vásquez, Morelia
Relator term autor
245 1# - TITLE STATEMENT
Title Densidad relativa del suelo (DR %) :
Remainder of title ensayo de densidad máxima y mínima /
Statement of responsibility, etc. Morelia Cadenillas Vásquez
260 ## - PUBLICATION, DISTRIBUTION, ETC.
Place of publication, distribution, etc. Lima :
Date of publication, distribution, etc. 2017
300 ## - PHYSICAL DESCRIPTION
Extent 48 hojas :
Other physical details ilustraciones a color, tablas ;
Dimensions 30 cm.
502 ## - DISSERTATION NOTE
Dissertation note Monografía de Titulación.-- Servicio Nacional de Capacitación para la Industria de la Construcción. Escuela Superior Técnica. Carrera Profesional Técnica en Laboratorio de Suelos, Concreto y Asfalto, 2017.
650 10 - SUBJECT ADDED ENTRY--TOPICAL TERM
9 (RLIN) 791
Topical term or geographic name entry element Suelos
650 20 - SUBJECT ADDED ENTRY--TOPICAL TERM
9 (RLIN) 155
Topical term or geographic name entry element Estudio de suelos
650 20 - SUBJECT ADDED ENTRY--TOPICAL TERM
9 (RLIN) 1568
Topical term or geographic name entry element Densidad del suelo
650 20 - SUBJECT ADDED ENTRY--TOPICAL TERM
9 (RLIN) 1569
Topical term or geographic name entry element Análisis de suelos
650 20 - SUBJECT ADDED ENTRY--TOPICAL TERM
9 (RLIN) 1263
Topical term or geographic name entry element Laboratorio de ensayo de materiales
710 1# - ADDED ENTRY--CORPORATE NAME
Corporate name or jurisdiction name as entry element Servicio Nacional de Capacitación para la Industria de la Construcción.
Subordinate unit Escuela Superior Técnica
9 (RLIN) 1065
910 ## - USER-OPTION DATA (OCLC)
-- hfp
-- hfp
942 ## - ADDED ENTRY ELEMENTS (KOHA)
Koha item type Monografía de Titulación
Existencias
Fecha de la última vez que lo usaron Número de ingreso o de inventario Pago total Signatura topográfica completa Precio efectivo desde Tipo de documento Estado perdido Estado dañado No es para préstamo Retirado Ubicación permanente Ubicación actual Fecha de adquisición
14/09/2023 I-00118   I/LAB/2017/C15 14/09/2023 Monografía de Titulación         Biblioteca Central Lima Biblioteca Central Lima 14/09/2023